000 00493nam a2200169 a 4500
005 20231128063713.0
008 991125s1976 mx 000 0 spa u
035 _aUPN01000000301
049 _aSEP
050 4 _aLC2631
_bH4.3
100 1 _aHernández López, Ramón
_943180
245 1 3 _aLa acción educativa en las áreas indígenas /
_cRamón Hernández López.
260 _aMéxico :
_bSEP,
_c1976.
300 _a[128] p.
650 4 _aIndígenas de México
_xEducación
_910
905 _aLibro
999 _c301
_d301